<?xml version="1.0" encoding="UTF-8"?>
<record
    xmlns:xsi="http://www.w3.org/2001/XMLSchema-instance"
    xsi:schemaLocation="http://www.loc.gov/MARC21/slim http://www.loc.gov/standards/marcxml/schema/MARC21slim.xsd"
    xmlns="http://www.loc.gov/MARC21/slim">

  <leader>01953nam a22003017a 4500</leader>
  <controlfield tag="003">NALT</controlfield>
  <controlfield tag="005">20240404100434.0</controlfield>
  <controlfield tag="008">240216b        th ||||| |||| 00| 0 tha d</controlfield>
  <datafield tag="020" ind1=" " ind2=" ">
    <subfield code="a">9786164590373</subfield>
  </datafield>
  <datafield tag="040" ind1=" " ind2=" ">
    <subfield code="a">NALT</subfield>
  </datafield>
  <datafield tag="041" ind1="1" ind2=" ">
    <subfield code="a">thaengchi </subfield>
  </datafield>
  <datafield tag="050" ind1=" " ind2=" ">
    <subfield code="a">NA 1995</subfield>
    <subfield code="b">&#xE2A;229&#xE2A; 2564</subfield>
  </datafield>
  <datafield tag="110" ind1="2" ind2=" ">
    <subfield code="9">63033</subfield>
    <subfield code="a">&#xE2A;&#xE20;&#xE32;&#xE2A;&#xE16;&#xE32;&#xE1B;&#xE19;&#xE34;&#xE01;</subfield>
  </datafield>
  <datafield tag="245" ind1="1" ind2="0">
    <subfield code="a">2563 &#xE2A;&#xE2D;&#xE07;&#xE17;&#xE28;&#xE27;&#xE23;&#xE23;&#xE29;&#xE2A;&#xE20;&#xE32;&#xE2A;&#xE16;&#xE32;&#xE1B;&#xE19;&#xE34;&#xE01; = </subfield>
    <subfield code="b">2020th Two decades of Architect Council of Thailand / </subfield>
    <subfield code="c">&#xE2A;&#xE20;&#xE32;&#xE2A;&#xE16;&#xE32;&#xE1B;&#xE19;&#xE34;&#xE01;.</subfield>
  </datafield>
  <datafield tag="246" ind1="1" ind2="4">
    <subfield code="a">2020th year Two decades of Architect Council of Thailand.</subfield>
  </datafield>
  <datafield tag="250" ind1=" " ind2=" ">
    <subfield code="a">&#xE1E;&#xE34;&#xE21;&#xE1E;&#xE4C;&#xE04;&#xE23;&#xE31;&#xE49;&#xE07;&#xE41;&#xE23;&#xE01;.</subfield>
  </datafield>
  <datafield tag="260" ind1=" " ind2=" ">
    <subfield code="a">&#xE01;&#xE23;&#xE38;&#xE07;&#xE40;&#xE17;&#xE1E;&#xE2F; :</subfield>
    <subfield code="b">&#xE25;&#xE32;&#xE22;&#xE40;&#xE2A;&#xE49;&#xE19;,</subfield>
    <subfield code="c">2564.</subfield>
  </datafield>
  <datafield tag="300" ind1=" " ind2=" ">
    <subfield code="a">201 &#xE2B;&#xE19;&#xE49;&#xE32; : </subfield>
    <subfield code="b">&#xE20;&#xE32;&#xE1E;&#xE1B;&#xE23;&#xE30;&#xE01;&#xE2D;&#xE1A;, &#xE41;&#xE1C;&#xE19;&#xE20;&#xE39;&#xE21;&#xE34; ; </subfield>
    <subfield code="c">29 &#xE0B;&#xE21;.</subfield>
  </datafield>
  <datafield tag="505" ind1="2" ind2=" ">
    <subfield code="a">&#xE2A;&#xE32;&#xE23;&#xE08;&#xE32;&#xE01;&#xE19;&#xE32;&#xE22;&#xE01;&#xE2A;&#xE20;&#xE32;&#xE2A;&#xE16;&#xE32;&#xE1B;&#xE19;&#xE34;&#xE01; -- &#xE21;&#xE2D;&#xE07;&#xE22;&#xE49;&#xE2D;&#xE19;&#xE2D;&#xE14;&#xE35;&#xE15; -- &#xE1A;&#xE17;&#xE1A;&#xE32;&#xE17;&#xE02;&#xE2D;&#xE07;&#xE2A;&#xE20;&#xE32;&#xE2A;&#xE16;&#xE32;&#xE1B;&#xE19;&#xE34;&#xE01; -- &#xE2A;&#xE20;&#xE32;&#xE2A;&#xE16;&#xE32;&#xE1B;&#xE19;&#xE34;&#xE01;&#xE41;&#xE25;&#xE30; 4 &#xE2A;&#xE32;&#xE02;&#xE32;&#xE27;&#xE34;&#xE0A;&#xE32;&#xE0A;&#xE35;&#xE1E;&#xE2A;&#xE16;&#xE32;&#xE1B;&#xE31;&#xE15;&#xE22;&#xE01;&#xE23;&#xE23;&#xE21;&#xE04;&#xE27;&#xE1A;&#xE04;&#xE38;&#xE21; -- &#xE23;&#xE32;&#xE07;&#xE27;&#xE31;&#xE25;&#xE2A;&#xE20;&#xE32;&#xE2A;&#xE16;&#xE32;&#xE1B;&#xE19;&#xE34;&#xE01;&#xE40;&#xE0A;&#xE34;&#xE14;&#xE0A;&#xE39;&#xE14; &#xE1E;.&#xE28;. 2563 -- &#xE1E;&#xE23;&#xE30;&#xE23;&#xE32;&#xE0A;&#xE1A;&#xE31;&#xE0D;&#xE0D;&#xE31;&#xE15;&#xE34;&#xE2A;&#xE16;&#xE32;&#xE1B;&#xE19;&#xE34;&#xE01; (&#xE09;&#xE1A;&#xE31;&#xE1A;&#xE17;&#xE35;&#xE48; ..) &#xE1E;.&#xE28;. .... -- &#xE17;&#xE28;&#xE27;&#xE23;&#xE23;&#xE29;&#xE16;&#xE31;&#xE14;&#xE44;&#xE1B;&#xE02;&#xE2D;&#xE07;&#xE2A;&#xE20;&#xE32;&#xE2A;&#xE16;&#xE32;&#xE1B;&#xE19;&#xE34;&#xE01; -- &#xE2A;&#xE16;&#xE34;&#xE15;&#xE34;&#xE2A;&#xE20;&#xE32;&#xE2A;&#xE16;&#xE32;&#xE1B;&#xE19;&#xE34;&#xE01;.</subfield>
  </datafield>
  <datafield tag="546" ind1=" " ind2=" ">
    <subfield code="a">&#xE40;&#xE19;&#xE37;&#xE49;&#xE2D;&#xE2B;&#xE32;&#xE40;&#xE1B;&#xE47;&#xE19;&#xE20;&#xE32;&#xE29;&#xE32;&#xE44;&#xE17;&#xE22; &#xE20;&#xE32;&#xE29;&#xE32;&#xE2D;&#xE31;&#xE07;&#xE01;&#xE24;&#xE29;&#xE41;&#xE25;&#xE30;&#xE20;&#xE32;&#xE29;&#xE32;&#xE08;&#xE35;&#xE19;</subfield>
  </datafield>
  <datafield tag="610" ind1="2" ind2="4">
    <subfield code="a">&#xE2A;&#xE20;&#xE32;&#xE2A;&#xE16;&#xE32;&#xE1B;&#xE19;&#xE34;&#xE01;</subfield>
    <subfield code="9">63033</subfield>
  </datafield>
  <datafield tag="650" ind1=" " ind2="4">
    <subfield code="a">&#xE2A;&#xE16;&#xE32;&#xE1B;&#xE19;&#xE34;&#xE01;</subfield>
    <subfield code="x">&#xE44;&#xE17;&#xE22;</subfield>
    <subfield code="9">20671</subfield>
  </datafield>
  <datafield tag="650" ind1=" " ind2="4">
    <subfield code="a">&#xE01;&#xE32;&#xE23;&#xE2D;&#xE2D;&#xE01;&#xE41;&#xE1A;&#xE1A;&#xE2A;&#xE16;&#xE32;&#xE1B;&#xE31;&#xE15;&#xE22;&#xE01;&#xE23;&#xE23;&#xE21;</subfield>
    <subfield code="9">20669</subfield>
  </datafield>
  <datafield tag="942" ind1=" " ind2=" ">
    <subfield code="c">GB</subfield>
    <subfield code="2">lcc</subfield>
  </datafield>
  <datafield tag="996" ind1=" " ind2=" ">
    <subfield code="a">chunbijaya.r</subfield>
    <subfield code="b">CATSTF	</subfield>
    <subfield code="c">2024-02-16</subfield>
  </datafield>
  <datafield tag="996" ind1=" " ind2=" ">
    <subfield code="a">saiphon.d</subfield>
    <subfield code="b">CATSTF	</subfield>
    <subfield code="c">2024-03-14</subfield>
  </datafield>
  <datafield tag="999" ind1=" " ind2=" ">
    <subfield code="c">104646</subfield>
    <subfield code="d">104646</subfield>
  </datafield>
  <datafield tag="998" ind1=" " ind2=" ">
    <subfield code="j">1524</subfield>
    <subfield code="k"> &#xE19;&#xE32;&#xE07;&#xE2A;&#xE32;&#xE27;&#xE28;&#xE23;&#xE31;&#xE13;&#xE22;&#xE4C;&#xE20;&#xE23;  &#xE0A;&#xE33;&#xE19;&#xE32;&#xE0D;&#xE1B;&#xE48;&#xE32;</subfield>
  </datafield>
  <datafield tag="952" ind1=" " ind2=" ">
    <subfield code="0">0</subfield>
    <subfield code="1">0</subfield>
    <subfield code="2">lcc</subfield>
    <subfield code="4">0</subfield>
    <subfield code="7">0</subfield>
    <subfield code="8">CGBL</subfield>
    <subfield code="a">NALT</subfield>
    <subfield code="b">NALT</subfield>
    <subfield code="c">GEN</subfield>
    <subfield code="d">2024-02-16</subfield>
    <subfield code="l">0</subfield>
    <subfield code="o">NA 1995 &#xE2A;229&#xE2A; 2564</subfield>
    <subfield code="p">3961222591</subfield>
    <subfield code="r">2024-04-22 00:00:00</subfield>
    <subfield code="t">&#xE09;.1</subfield>
    <subfield code="w">2024-02-16</subfield>
    <subfield code="y">GB</subfield>
  </datafield>
  <datafield tag="952" ind1=" " ind2=" ">
    <subfield code="0">0</subfield>
    <subfield code="1">0</subfield>
    <subfield code="2">lcc</subfield>
    <subfield code="4">0</subfield>
    <subfield code="7">0</subfield>
    <subfield code="8">CGBL</subfield>
    <subfield code="a">NALT</subfield>
    <subfield code="b">NALT</subfield>
    <subfield code="c">GEN</subfield>
    <subfield code="d">2024-02-16</subfield>
    <subfield code="l">0</subfield>
    <subfield code="o">NA 1995 &#xE2A;229&#xE2A; 2564</subfield>
    <subfield code="p">3961222592</subfield>
    <subfield code="r">2024-04-22 00:00:00</subfield>
    <subfield code="t">&#xE09;.2</subfield>
    <subfield code="w">2024-02-16</subfield>
    <subfield code="y">GB</subfield>
  </datafield>
</record>
